L’intrus – Trouve l’intrus parmi les 4 propositions #1 - Statistiques

Statistiques générales
  • Ce quiz a été pris 123 fois
  • Le résultat moyen est 10 sur 10
Statistiques - réponses
MOTS Intrus % Correct
Paris – Londres – Amazon – Rome Amazon
100%
Facebook – Snapchat – Instagram – Excel Excel
100%
Federer – Ronaldo – Messi – Mbappé Federer
100%
Nike – Adidas – Ikea – Puma Ikea
100%
Pomme – Cerise – Pizza – Fraise Pizza
100%
Eau – Verre – Feu – Air Verre
100%
NBA – NFL – Ligue 1 – NHL Ligue 1
99%
Mozart – Beethoven – Chopin – Picasso Picasso
99%
Thor – Harry Potter – Gandalf – Dumbledore Thor
98%
Titanic – Avatar – Fast and Furious – Inception Fast and Furious
97%
Aucun quiz correspondant
Distribution des résultats
% des personnes avec chaque résultat
Percentile par nombre de réponses
Votre historique - résultats
Vous n’avez pas pris ce quiz